MARC details
| 000 -CABECERA |
| campo de control de longitud fija |
01086nam a2200289 a 4500 |
| 003 - IDENTIFICADOR DEL NÚMERO DE CONTROL |
| campo de control |
MX-MxUPN |
| 005 - FECHA Y HORA DE LA ÚLTIMA TRANSACCIÓN |
| campo de control |
20240531121613.0 |
| 008 - ELEMENTOS DE LONGITUD FIJA--INFORMACIÓN GENERAL |
| campo de control de longitud fija |
991125s1903 mx j 000 0 spa d |
| 035 ## - NÚMERO DE CONTROL DEL SISTEMA |
| Número de control de sistema |
UPN01000053973 |
| 040 ## - FUENTE DE LA CATALOGACIÓN |
| Centro catalogador/agencia de origen |
MX-MxUPN |
| Lengua de catalogación |
spa |
| Centro/agencia transcriptor |
MX-MxUPN |
| 041 ## - CÓDIGO DE IDIOMA |
| Código de lengua del texto/banda sonora o título independiente |
spa |
| 050 04 - SIGNATURA TOPOGRÁFICA DE LA BIBLIOTECA DEL CONGRESO |
| Número de clasificación |
QC93 |
| Número de documento/Ítem |
J56 1903 |
| 100 1# - ASIENTO PRINCIPAL--NOMBRE PERSONAL |
| Nombre de persona |
Jiménez de la Cuesta, Eduardo |
| 9 (RLIN) |
51531 |
| 245 10 - MENCIÓN DE TÍTULO |
| Título |
Sistema métrico-decimal |
| 250 ## - MENCIÓN DE EDICIÓN |
| Mención de edición |
Quinta edición |
| Resto de la mención de edición |
corregida y aumentada |
| 260 ## - PUBLICACIÓN, DISTRIBUCIÓN, ETC. |
| Lugar de publicación, distribución, etc. |
México : |
| Nombre del editor, distribuidor, etc. |
Antigua Imprenta de E. Murguía, |
| Fecha de publicación, distribución, etc. |
1903. |
| 300 ## - DESCRIPCIÓN FÍSICA |
| Extensión |
64 páginas, [1] hoja plegable |
| 500 ## - NOTA GENERAL |
| Nota general |
"Declara de texto por la junta directiva de Instrucción Publica y adoptado en la Escuela Nacional de Comercio y Administración". |
| 500 ## - NOTA GENERAL |
| Nota general |
"Obra premiada en la exposición de París de 1889 y en la Colombina de Chicago de 1893" |
| 650 #2 - ASIENTO SECUNDARIO DE MATERIA - TERMINO TEMATICO |
| Término de materia o nombre geográfico como elemento de entrada |
Numeración |
| 9 (RLIN) |
26 |
| 650 #2 - ASIENTO SECUNDARIO DE MATERIA - TERMINO TEMATICO |
| Término de materia o nombre geográfico como elemento de entrada |
Sistema métrico |
| 9 (RLIN) |
21954 |
| 650 #7 - ASIENTO SECUNDARIO DE MATERIA - TERMINO TEMATICO |
| Término de materia o nombre geográfico como elemento de entrada |
Pesas y medidas |
| 9 (RLIN) |
49461 |
| Subdivisión general |
Estudio y enseñanza (Elemental) |
| 650 #4 - ASIENTO SECUNDARIO DE MATERIA - TERMINO TEMATICO |
| Término de materia o nombre geográfico como elemento de entrada |
Pesas y medidas |
| 9 (RLIN) |
52146 |
| Subdivisión de forma |
Libros de texto |
| 902 ## - ELEMENTOS DE DATOS B LOCAL, LDB (RLIN) |
| Modificó |
MaríaRobles/310524 |
| 905 ## - TIPO DE MATERIAL |
| Tipo de material |
Libro |
| 942 ## - ELEMENTOS DE PUNTO DE ACCESO ADICIONAL (KOHA) |
| Fuente del sistema de clasificación o colocación |
Library of Congress Classification |
| Tipo de ítem Koha |
Libro |
| Suprimir en OPAC |
No |